Off to See the Wizard Quiz Stats

 Plays Quiz Updated Oct 16, 2017

Score 0/18 Timer 04:00
2 Plays Today
Hint Answer % Correct
Hermione Granger
85%
Sabrina Spellman
81.5%
Ursula the Sea Witch
81.4%
Glinda the Good Witch
81.2%
Jafar
80.3%
Gandalf the White
79.3%
Merlin
79.1%
Samantha Stephens
61.7%
Dr. Strange
59.7%
Hint Answer % Correct
Skeletor
58.4%
Jadis (The White Witch)
55.6%
Gargamel
44.8%
Willow Rosenberg
39.5%
Wizard of Id
28.1%
Tim the Enchanter
23.7%
Alex Russo
20.9%
Winifred Sanderson
20.4%
Harry Dresden
5.8%

You're not logged in!

Compare scores with friends on all Sporcle quizzes.
OR
Log In

Show Comments

Extras

Top Quizzes Today


Score Distribution

Your Account Isn't Verified!

In order to create a playlist on Sporcle, you need to verify the email address you used during registration. Go to your Sporcle Settings to finish the process.

Report this User

Report this user for behavior that violates our Community Guidelines.

Details: